000 00400nam a22001577a 4500
008 160429b xxu||||| |||| 00| 0 eng d
020 _a9728094396
080 _a347.33
100 _aColeccao
245 _aA arquitectura politica europeia um debate
_cColeccao
250 _a1st ed.
260 _aLisboa
_bEDIUAL
_c2000
300 _a139p.
_b
_c
_e
_f
_g
650 _aDireito
942 _2udc
_cBK
999 _c36150
_d36150